000
00248nam a2200097Ia 4500
001
923289
005
20250826191500.0
008
250824s9999 xx 000 0 und d
245
0
_a
FATİH SULTAN MEHMET
_c
YAVUZ BAHADIROĞLU
260
_b
PANAMA YAYINLARI
999
_c
923289
_d
923289